| 000 | 00673nam a2200229 a 4500 | ||
|---|---|---|---|
| 008 | |||
| 020 | _a0521655447 (pbk.) | ||
| 049 | _aMAIN | ||
| 090 | _aQC20 | ||
| 100 | _aChow, Tai L. | ||
| 245 |
_aMathematical methods for physics : _ba concise introduction / _cTai L. Chow. |
||
| 260 |
_aCambridge : _bUniversity of Cambridge, _c2000. |
||
| 300 |
_axv, 555 p. ; _c25 cm. |
||
| 504 | _aIncludes bibliographical references. | ||
| 500 | _aIncludes index. | ||
| 650 | _aMathematical physics. | ||
| 907 |
_a.b10097223 _b01-06-04 _c26-11-03 |
||
| 003 | |||
| 005 | 20230123133514.0 | ||
| 040 | _cNUST | ||
| 942 |
_cBOOKS _kQC20 |
||
| 999 |
_c149749 _d149749 |
||